Verse Art: The Creation of Man Quiz Stats

 Plays Quiz Updated Dec 18, 2017

Challenge
Share
Tweet
Score 0/24 Timer 02:00
4 Plays Today
% Correct
the
92.7%
91.9%
91.8%
God
91.5%
God
91.5%
male
91%
man
87.8%
created
86.6%
created
86.6%
created
86.6%
and
85.2%
in
82.1%
% Correct
in
82.1%
female
79.6%
his
74.5%
image,
74%
image
74%
of
72.6%
own
69.7%
he
68.5%
he
68.5%
So
47.6%
them.
44.6%
him;
29.1%

You're not logged in!

Compare scores with friends on all Sporcle quizzes.
OR
Log In

You Might Also Like...

Show Comments

Extras

Top Quizzes Today


Score Distribution

Your Account Isn't Verified!

In order to create a playlist on Sporcle, you need to verify the email address you used during registration. Go to your Sporcle Settings to finish the process.

Report this User

Report this user for behavior that violates our Community Guidelines.

Details: